Normal view
MARC view
- Mundasseri
Entry Personal Name
001 - CONTROL NUMBER
- control field: 4642
003 - CONTROL NUMBER IDENTIFIER
- control field: OSt
005 - DATE AND TIME OF LATEST TRANSACTION
- control field: 20200625152220.0
008 - FIXED-LENGTH DATA ELEMENTS
- fixed length control field: 200625|| aca||aabn | a|a d
040 ## - CATALOGING SOURCE
- Original cataloging agency: OSt
- Transcribing agency: OSt
100 ## - HEADING--PERSONAL NAME
- Personal name: Mundasseri
670 ## - SOURCE DATA FOUND
- Source citation: Work cat.: (OSt): Mundasseri, Budhimanmar jeevikkunnu
